| 000 | 01137naa a22003137a 4500 | ||
|---|---|---|---|
| 001 | BR9401380 | ||
| 003 | BR-BrBNA | ||
| 005 | 20240918180918.0 | ||
| 007 | ta | ||
| 008 | 230509b bl.||||| |||| 00| 0 por d | ||
| 040 |
_aBR-BrBNA _bpor _cBiblioteca Nacional de Agricultura |
||
| 041 | _a(Pt) | ||
| 072 |
_aJ11 _b2110 |
||
| 090 | _aJ11 BR9401380 | ||
| 100 | 1 | _aPrado, E.P. do | |
| 100 | 1 | _aSerodio, R. dos S. | |
| 100 | 1 | _aGoncales, O.B. da C. | |
| 111 | 1 |
_a11. Congresso Brasileiro de Engenharia Agricola _cBrasilia, DF (Brazil) _d1981 |
|
| 245 | 1 | _aCapacidades estaticas e dinamicas dos armazens de intermediarios de cacau na regiao sul da Bahia | |
| 260 | 3 |
_aCampinas, SP (Brasil): _c1981. |
|
| 500 | _aAnais do 11. Congresso Brasileiro de Engenharia Agricola Campinas, SP (Brasil): 1981. v. 1 p. 553-567 (BR9401380-AM)J11 | ||
| 650 | _aCacau | ||
| 650 | _aArmazenamento | ||
| 650 | _aArmazem | ||
| 650 | _aEstocagem | ||
| 773 | 0 |
_tAnais do 11. Congresso Brasileiro de Engenharia Agricola _wJ11 BR9401380 _gCampinas, SP (Brasil), 1981. v. 1 p. 553-567 |
|
| 909 |
_a202404 _bLucia _c55 _dLucia Elande |
||
| 942 |
_cAM _2AGRIS |
||
| 999 |
_c322635 _d322635 |
||